Top 20 Biggest West African Metropolitan Areas - Statistics

General Stats
  • This quiz has been taken 19 times
  • The average score is 15 of 20
Answer Stats
City Population % Correct
Accra 5,600,000
95%
Conakry 2,800,000
95%
Lagos 17,600,000
95%
Abidjan 6,000,000
89%
Abuja 3,800,000
89%
Kano 4,100,000
89%
Bamako 2,900,000
84%
Kumasi 3,300,000
84%
Monrovia 1,800,000
84%
Dakar 3,200,000
79%
Freetown 1,300,000
74%
Ibadan 3,900,000
74%
Niamey 1,600,000
74%
Ouagadougou 2,800,000
74%
Port Harcourt 3,000,000
74%
Benin City 2,200,000
68%
Nouakchott 1,500,000
63%
Kaduna 2,100,000
37%
Onitsha 1,300,000
37%
Maiduguri 1,300,000
26%
No matching quizzes found
Score Distribution
Percent of People with Each Score
Percentile by Number Answered
Your Score History
You have not taken this quiz